000 00479cam a2200205 4500
001 D7052
008 090401t1984 xxu||||| |||| 00| 0 eng d
035 _a(Sirsi) u4944
041 _aeng
050 _a346.41043
100 _aMegarry, Robert
_cSir
245 4 _aThe law of real property
250 _a5th
260 _aLondon
_bStevens & Sons Ltd
_c1984
300 _acxxviii. 1230p. 24cm
350 _a30
700 _aWade, H.W.R.
942 _n0
948 _c04/03/1997
999 _c86091
_d86091